José Hierro, llama entre la madera y la ceniza / (Record no. 194286)

MARC details
000 -LEADER
campo de control de longitud fija 01962nam a2200385 i 4500
001 - NÚMERO DE CONTROL
campo de control 194286
003 - IDENTIFICADOR DE NÚMERO DE CONTROL
campo de control ES-MaACL
005 - FECHA Y HORA DE LA ÚLTIMA TRANSACCIÓN
campo de control 20250708195341.0
007 - CAMPO FIJO DE DESCRIPCIÓN FÍSICA--INFORMACIÓN GENERAL
campo de control de longitud fija ta
008 - DATOS DE LONGITUD FIJA--INFORMACIÓN GENERAL
campo de control de longitud fija 240423s2024 sp ||||| |||| 00| 0 spa d
017 ## - NÚMERO DE COPYRIGHT O DE DEPÓSITO LEGAL
Número de copyright o de depósito legal TO 16-2024
020 ## - NÚMERO INTERNACIONAL ESTÁNDAR DEL LIBRO
Número Internacional Estándar del Libro 9788419887245
040 ## - FUENTE DE CATALOGACIÓN
Lengua de catalogación spa
Centro/agencia transcriptor ES-MaACL
100 0# - ENTRADA PRINCIPAL--NOMBRE DE PERSONA
9 (RLIN) 92379
Nombre de persona Pisonero del Amo, Isidoro
Término indicativo de función/relación Autor
245 10 - MENCIÓN DEL TÍTULO
Título José Hierro, llama entre la madera y la ceniza /
Mención de responsabilidad, etc. Isidoro Pisionero del Amo
264 #1 - PRODUCCIÓN, PUBLICACIÓN, DISTRIBUCIÓN, FABRICACIÓN Y COPYRIGHT
Producción, publicación, distribución, fabricación y copyright [Toledo]:
Nombre del de productor, editor, distribuidor, fabricante Editorial Ledoria,
Fecha de producción, publicación, distribución, fabricación o copyright [2024]
264 #4 - PRODUCCIÓN, PUBLICACIÓN, DISTRIBUCIÓN, FABRICACIÓN Y COPYRIGHT
Producción, publicación, distribución, fabricación y copyright @2024
300 ## - DESCRIPCIÓN FÍSICA
Extensión 285 páginas ;
Dimensiones 21 cm
336 ## - TIPO DE CONTENIDO
Fuente rdacontent
Término de tipo de contenido texto
337 ## - TIPO DE MEDIO
Fuente rdamedia
Nombre/término del tipo de medio sin mediación
338 ## - TIPO DE SOPORTE
Fuente rdacarrier
Nombre/término del tipo de soporte volumen
490 1# - MENCIÓN DE SERIE
Mención de serie Ateneo Científico y Lietrario de Toledo ;
Designación de volumen o secuencia 1
504 ## - NOTA DE BIBLIOGRAFÍA, ETC.
Nota de bibliografía, etc. Bibliografía: páginas 205-285
520 ## - RESUMEN, ETC.
Sumario, etc. José Hierro (1922-2002) Cordial y reservado, generoso sin límites, poeta de la precisión y del ritmo, maestro de la ironía, sutil evocador de los efectos devastadores del paso del tiempo y de la presencia inevitable del pasado en nuestras vidas, defensor de la dignidad de lo humilde y efímero, José Hierro es una de las voces más significativas de la poesía española de posguerra. En la obra se analiza vida y sobre todo, obra del poeta.
600 17 - PUNTO DE ACCESO ADICIONAL DE MATERIA--NOMBRE DE PERSONA
Fuente del encabezamiento o término embne
9 (RLIN) 63619
Nombre de persona Hierro, José,
Fechas asociadas al nombre 1922-2002
Subdivisión general Critica e interpretación
650 #4 - PUNTO DE ACCESO ADICIONAL DE MATERIA--TÉRMINO DE MATERIA
9 (RLIN) 16177
Término de materia o nombre geográfico como elemento de entrada Poesía española-
Subdivisión cronológica S.XX
810 2# - PUNTO DE ACCESO ADICIONAL DE SERIE--NOMBRE DE ENTIDAD CORPORATIVA
Nombre de entidad corporativa o nombre de jurisdicción como elemento de entrada Ateneo Científico y Literario de Toledo
9 (RLIN) 166582
Designación de volumen o secuencia 1
852 ## - LOCALIZACIÓN
Ubicación ES-MaACL
Ubicación en estantería Depósito J
Número de control de estantería N-9787
Anotaciones manuscritas Dedicatoria autógrafa del autor
Donativo/Legado Donación: Isidoro Pisonero del Amo
itemnumber 201859
Sublocalización o colección R. 155011
Encuadernación Encuadernación rústica con solapas
903 ## - NOMBRE PERSONAL DE DONANTE
9 92379
a Pisonero del Amo, Isidoro
e Donante
942 ## - ELEMENTOS DE ENTRADA SECUNDARIOS (KOHA)
Suprimir en OPAC No
Tipo de ítem Koha Libro impreso
Holdings
Estatus retirado Estado de pérdida Fuente del sistema de clasificación o colocación Estado de daño No para préstamo Colección Biblioteca de origen Biblioteca actual Ubicación en estantería Fecha de adquisición Fuente de adquisición Número de control de estantería Total de préstamos Signatura topográfica completa Código de barras Visto por última vez Precio de reemplazo Tipo de ítem Koha Nota pública
    Clasificación decimal universal     Libros con dedicatorias Biblioteca del Ateneo de Madrid Biblioteca del Ateneo de Madrid Depósito J 23/04/2024 Donación Ateneísta   N-9787 101227115 23/04/2024 23/04/2024 Libro impreso Dedicatoria autógrafa del autor